| 000 | 00623nam a2200253Ia 4500 | ||
|---|---|---|---|
| 008 | 160803s9999 xx 000 0 und d | ||
| 020 | _a9780439078061 | ||
| 100 | _aMurphy, Jim | ||
| 245 | _aDesperate journey / | ||
| 245 | _cJim Murphy. | ||
| 260 | _aNew York : | ||
| 260 | _bScholastic Inc. | ||
| 260 | _c2006 | ||
| 300 | _a278 pages : | ||
| 300 | _billustrations, maps ; | ||
| 300 | _c22 cm | ||
| 650 | _aErie Canal (N.Y.) -- | ||
| 650 | _aFamilies -- | ||
| 650 | _aRiver boats -- | ||
| 650 | _xJuvenile fiction. | ||
| 650 | _xJuvenile fiction. | ||
| 650 | _xJuvenile fiction. | ||
| 700 | _a860 | ||
| 999 |
_c299831 _d299831 |
||